000 00288nam a2200109Ia 4500
008 190216s9999||||xx |||||||||||||| ||und||
100 _a"Satyaprakash, Agarwal Sk&Amp;Keemtilal"
245 0 _aMedical Entrance Examinations
260 _bAs Prakashan
_c1997
300 _a4000p
942 _cREF
999 _c36326
_d36326